| 000 | 00672nmm a2200253 a 4500 | ||
|---|---|---|---|
| 003 | AR-BaBNM | ||
| 005 | 20251128210833.0 | ||
| 008 | 161020s[ca. ||||||||||||||000 | spa|| | ||
| 020 | _a84-95199-49-1 | ||
| 040 | _cAR-BaBNM | ||
| 245 | 1 | 0 |
_aCompact diccionario didáctico alemán _bpara aprender alemán en alemán |
| 260 |
_aBarcelona _bOcéano _c[ca. 1995] |
||
| 300 | 0 | _a1216 p. | |
| 500 | 0 | _aContiene apéndices | |
| 650 | 4 | _aDICCIONARIOS | |
| 650 | 4 | _aESPANOL | |
| 650 | 4 | _aALEMAN | |
| 655 | _aREFERENCIA | ||
| 700 | 1 |
_aGötz, Dieter _eeditor |
|
| 700 | 1 |
_aHaensch, Günter _eeditor |
|
| 700 | 1 |
_aWellmann, Hans _eeditor |
|
| 942 | _cBK | ||
| 998 | _cRAQUEL | ||
| 999 |
_c17139 _d17139 |
||